| 000 | 00981nam a2200277 a 4500 | ||
|---|---|---|---|
| 001 | 000012690 | ||
| 003 | DO-SdBNP | ||
| 005 | 20250227073849.0 | ||
| 007 | ta | ||
| 008 | 091116e1999 dr er 001 j spa d | ||
| 020 | _a8489953244 | ||
| 040 |
_aDO-SdBNP _bspa _cBNPHU |
||
| 082 | 4 |
_aRD863.44 _bP947e _222 |
|
| 100 | 1 |
_aPrida Busto, Juan Manuel, _d1956- _929467 |
|
| 245 | 1 | 0 |
_aEn la luz de la noche / _cJuan Manuel Prida Busto ; prólogo, José Alcántara Almánzar. |
| 260 |
_aSanto Domingo : _bBanco Central de la República Dominicana, _c1999 |
||
| 300 |
_a152 p. ; _c23 cm. |
||
| 490 | _aBanco Central de la República Dominicana. | ||
| 500 | _aIncluye datos biográficos del autor en las solapas de las cubiertas | ||
| 590 | _aInventariado, 2019/VM | ||
| 650 | 0 |
_aCuentos dominicanos _9176 |
|
| 650 | 0 |
_aLiteratura dominicana. _967 |
|
| 700 | 1 |
_aAlcántara Almánzar, José _d1946- _epról. _97018 |
|
| 910 | _aValidado. Control de calidad MMOLINA | ||
| 942 |
_2ddc _cLBS1 |
||
| 999 |
_c12341 _d12341 |
||